00000000nas##2200000za#4500
0019.506895
003CaOODSP
00520200331214152
007cr |||||||||||
008150406c1994||||xxc|| m o||||f|   |0eng|d
040 |aCaOODSP|beng
043 |an-cn---
0861 |aSC94-47E-PDF
1101 |aCanada.|bCanadian Centre for Management Development.
24510|aCCMD report |h[electronic resource]
260 |aOttawa - Ontario : |bCanadian Centre for Management Development |c1994-.
310 |aIrregular
3621 |aNo. 1 -
500 |a"These reports will outline CCMD's view of current management topics or issues and offer practical guidance to managers."--Preface.
5203 |aThese reports will outline CCMD's view of current management topics or issues and offer practical guidance to managers.--Preface
69007|aLearning|2gcpds
69007|aManagement|2gcpds
77508|tRapport du CCG |w(CaOODSP)9.503292
7760#|tRapport du CCG |w(CaOODSP)9.509631
7760#|tCCMD report |w(CaOODSP)9.509630